| 000 | 00858nam a22002657a 4500 | ||
|---|---|---|---|
| 003 | DO-SdBNP | ||
| 005 | 20220516103951.0 | ||
| 008 | 161031b2015 ch abc 00| 0 spa d | ||
| 020 | _a9789962042150 | ||
| 040 |
_aBPMSU _bspa _cBPMSU |
||
| 082 |
_a940.53 _bF954s 2015 _222 |
||
| 100 | 1 | _aFuerte Feliu, Josep María | |
| 245 | 1 | 3 |
_aLa segunda guerra mundial / _ctextos Josep María Fuertes Feliu ; fotos Anselmo J. García Curado. |
| 246 | 1 | 4 | _aSegunda guerra mundial |
| 260 |
_a[China] : _bLexus Editores, _c2015. |
||
| 300 |
_a231 p. : _bil., mapa, retr. _c26 cm. |
||
| 504 | 0 | _aBiografía p: 228-231 | |
| 590 | _6Inventariado, 2022/VM | ||
| 650 | 4 |
_aGuerra Mundial II, 1939-1945. _2 |
|
| 700 | 1 |
_aGarcía Curado, Anselmo J. _efotos |
|
| 710 | 2 | _aLexus Editores | |
| 710 | 2 | _aMuseo Militar de París | |
| 910 | _aVMateo V. | ||
| 942 |
_2ddc _cBK |
||
| 999 |
_c13132 _d13132 |
||